Responses for show #2901 - Monday, March 24, 1997

Contestants

[<< previous game]

Pat Posner, an administrative assistant from Pikesville, Maryland

Max Jacobson, a writer from Long Beach, California

Robert Manuel, an analyst from San Francisco, California (whose 1-day cash winnings total $10,950)

[next game >>]

Jeopardy! Round responses

AVIATION
TV PILOTS
INSTRUMENTS
MAY DAY
ROGER
"OVER" & "OUT"
(Alex: Sounds like a theme there in all those categories)
    $100 6
Andes

Robert
    $100 19
Peter Benchley

Robert
    $100 1
violins

Robert
    $100 9
Amtrak

Robert
    $100 14
Roger Moore

Robert
    $100 23
the outfield

Robert
    $200 7
the helicopter

Pat
    $200 20
Neil Simon

Pat
    $200 2
J.S. Bach

Pat
    $200 10
Yasser Arafat

Robert
    $200 15
Roger Ebert

Robert
    $200 24
the Outback

Pat
    $300 8
the B-29

Triple Stumper
    $300 28
(Pat: What is All In The Family?)

Sanford and Son

MaxPat
    $300 3
the lute

Pat
    $300 11
Pablo Picasso

Pat
    $300 16
Roger Clemens

Pat
    $300 25
a takeover

Robert
    $400 21
Daedalus

Robert
    $400 29
Ed O'Neill

Max
    $500 4
the balalaika

Pat
    $400 12
Jimmy Carter

Robert
    $400 17
Roger Williams

Robert
    $400 26
"Overcome"

Pat
    $500 22
Dayton

Triple Stumper
    $500 30
The Untouchables

Pat
    $500 5
the ocarina

Pat
    $500 13
Captain Charles Gridley

Pat
    $500 18
Roger Bannister

Max
    $500 27
overshoes

Pat

Scores at the first commercial break (after clue 15):

Robert Max Pat
$1,200 $0 $2,500

Scores at the end of the Jeopardy! Round:

Robert Max Pat
$2,500 $1,200 $4,300

Double Jeopardy! Round responses

FIRST NAMES
STATE CAPITALS
AMERICAN LITERATURE
HISTORIC EUROPEAN LEADERS
RELIGION
POT LUCK
    $200 21
Liam

Max
    $200 1
Rhode Island

Max
    $200 11
Stephen Crane

Max
    $200 4
Berlin

Robert
    $200 3
The Lord's Prayer

Pat
    $200 30
Ernest & Julio Gallo

Robert
    $400 22
April, May & June

Robert
    $400 2
Carson City

Robert
    $400 13
Zane Grey

Max
    $400 7
Louis XIV

Robert
    $400 17
Judaism

Pat
    $400 29
Camouflage

Max
    $600 23
Red hair

Triple Stumper
    $1,500 5
(R: What is Topeka?)

Little Rock, Arkansas

Robert
    $600 14
The Sun Also Rises

Robert
    $600 8
Mary Tudor (Mary I)

Pat
    $600 18
Quakers

Robert
    $600 27
Ruble

Max
    $800 24
Leroy (le roi)

Pat
    $800 6
Nashville

Pat
    $800 15
Spoon River Anthology

Robert
    $800 9
(R: Who is Archduke Ferdinand?)

Franz Joseph

Robert
Triple Stumper
    $800 19
Om

Robert
    $800 26
Mary Lou Retton

Pat
    $1000 25
(Alex: Pat, we have less than a minute to go...)

Gale/gail

Triple Stumper
    $1000 12
Santa Fe, New Mexico

Robert
    $1000 16
Breathing Lessons

Triple Stumper
    $1000 10
Jan Paderewski

Pat
    $3,000 20
Christian Science

Robert
    $1000 28
Bedlam

Pat

Scores at the end of the Double Jeopardy! Round:

Robert Max Pat
$8,600 $3,200 $9,900

[wagering suggestions for these scores]

Final Jeopardy! Round responses

SCIENCE
(Alex: Robert, you realized too late that you had the wrong response.)
MaxWhat is the test tube?
$2,700
RobertWhat is a thermometer?
$2,000
PatWhat is the vacuum?
$8,000
Barometer

Final scores:

Robert Max Pat
$6,600 $500 $1,900
2-day champion: $17,550 3rd place: Service Merchandise $1,000 Gift Certificate 2nd place: Broyhill Home Theatre Cabinet & Daewoo TV & VCR

Game dynamics:

Coryat scores:

Robert Max Pat
$8,100 $3,200 $9,800
23 R
(including 1 DD),
2 W
(including 1 DD)
9 R,
0 W
21 R
(including 1 DD),
1 W

Combined Coryat: $21,100

The J! Archive is created by fans, for fans. The Jeopardy! game show and all elements thereof, including but not limited to copyright and trademark thereto, are the property of Jeopardy Productions, Inc. and are protected under law. This website is not affiliated with, sponsored by, or operated by Jeopardy Productions, Inc. Join the discussion at JBoard.tv.